00366nam a2200133 a 4500008004100000020001500041050001500056100002700071245002200098246003300120260004700153300002300200350000900223120416s0000 ||||||||||||||||| || u a0520039564 aHT 321 Smi aSmith, Wallace Francis10aUrban development athe process and the problems aBerkeleybUniversity of California Pc1975 axvii, 381p. : ill. a0.00